| 000 | 00651nam a2200217Ii 4500 | ||
|---|---|---|---|
| 001 | 20788 | ||
| 003 | CO-ViMGA | ||
| 008 | 241108s9999||||xx |||||||||||||| ||und|| | ||
| 020 | _a978849274732 | ||
| 040 |
_aCO-ViMGA _bspa _erda _cCO-ViMGA |
||
| 041 | 0 | _aspa | |
| 082 | 0 | 4 | _a030 G65l |
| 100 | 1 |
_aPedro. Gómez Carrizo _951239 |
|
| 245 | 1 | 0 | _aEl libro de los porqués |
| 264 | 1 | _aMadrid, España : Biblok Book Export, [Fecha de publicación no identificada] | |
| 300 | _avolumen | ||
| 336 |
_atext _btxt _2rdacontent |
||
| 337 |
_aunmediated _bn _2rdamedia |
||
| 338 |
_avolume _bnc _2rdacarrier |
||
| 940 | _aidficha_siabuc: 20442. -- ficha_no_siabuc:20788 | ||
| 999 |
_c45949 _d45949 |
||